Mix and Match Book Titles II Quiz Stats

Quiz Updated Aug 27, 2016

Challenge
Share
Tweet
Score 0/20 Timer 05:00
2 Plays Today
% Correct
Breakfast Club
97.7%
The Great World
97.6%
The Call of the Galaxy
97.4%
The Girl on the Western Front
97.1%
Of Mice and Brooklyn
96.9%
The Three Friends
96.8%
The Importance of Being Old Men
96.6%
The Mouse and the Chance of Meatballs
96.5%
As You Love
96.4%
The Very Hungry Boleyn Girl
96.1%
% Correct
Are You There God? It's Me, the Pauper
96.1%
Diary of God
95.9%
And Then There Were Bees
95.9%
The Fault in Our Fish
94.7%
A Wrinkle in Kevin
94.7%
The Giving Game
94.4%
The Unbearable Lightness of Elephants
94.2%
The Divine Teeth
92.4%
The Tell-Tale Hunter
91.5%
Rabbit, Fall Apart
91.5%

You're not logged in!

Compare scores with friends on all Sporcle quizzes.
Join for Free
OR
Log In

You Might Also Like...

Show Comments

Extras

Top Quizzes Today


Score Distribution

Your Account Isn't Verified!

In order to create a playlist on Sporcle, you need to verify the email address you used during registration. Go to your Sporcle Settings to finish the process.

Report this User

Report this user for behavior that violates our Community Guidelines.

Details: